书目信息 |
| 题名: |
中法海战
|
|
| 作者: | 陈悦 著 | |
| 分册: | ||
| 出版信息: | 北京 台海出版社 2018 |
|
| 页数: | 356页 | |
| 开本: | 23cm | |
| 丛书名: | ||
| 单 册: | ||
| 中图分类: | K256.2 | |
| 科图分类: | ||
| 主题词: | 中法战争--zhong fa zhan zheng--海战--研究 | |
| 电子资源: | ||
| ISBN: | 978-7-5168-1761-2 | |
| 000 | 01530cam0 2200265 450 | |
| 001 | 012001006446 | |
| 005 | 20131016155041.0 | |
| 010 | @a978-7-5168-1761-2@dCNY89.80 | |
| 099 | @aCAL 012018044476 | |
| 100 | @a20180319d2018 em y0chiy50 ea | |
| 101 | 0 | @achi |
| 102 | @aCN@b110000 | |
| 105 | @aack z 000yy | |
| 106 | @ar | |
| 200 | 1 | @a中法海战@Azhong fa hai zhan@d= Naval battles of sino-french war@f陈悦著@zeng |
| 210 | @a北京@c台海出版社@d2018 | |
| 215 | @a356页@c图, 肖像@d23cm | |
| 314 | @a陈悦, 江苏靖江人, 现居山东威海。专注于海军史、近代军事史、舰船技术史的研究和普及, 担任定远号纪念舰策展总监, 海军史研究会会长, 山东史学会甲午战争委员会委员。 | |
| 330 | @a公元1883至1885年, 欧亚两个大国间发生了一场举世皆惊的战争。经历了普法之战奇耻大辱的法国, 想要在对外政策上展现强硬姿态, 重树大国威仪。而正经历着洋务运动变革, 在军事近代化道路上已经迈开步伐的中国, 清王朝高层也颇有自信地认为可以在外交上采取强硬态度。围绕着越南问题, 两个都并不愿主动公开让步的国家, 最终进行了一场稀里糊涂的战争。这场战争, 事实上暴露出了清王朝体制内存在的严重问题, 但却被一些局部的、夸大的军事胜利所遮掩……本书纵览中法战争中的政治、外交、军事领域, 以海战为脉络, 大量引用中、法双方档案资料, 从全新的视角审视这场战争。对于中法战争中的越南战场, 以及马江之战、镇海保卫战、石浦之战等均有详细的刻画、分析。 | |
| 510 | 1 | @aNaval battles of sino-french war@zeng |
| 606 | 0 | @a中法战争@Azhong fa zhan zheng@x海战@x研究 |
| 690 | @aK256.2@v5 | |
| 701 | 0 | @a陈悦@Achen yue@4著 |
| 801 | 2 | @aCN@b上海新华@c20191020 |
| 905 | @b1099624-8@dK256.2@e62@f5 | |
| 中法海战= Naval battles of sino-french war/陈悦著.-北京:台海出版社,2018 |
| 356页:图, 肖像;23cm |
| ISBN 978-7-5168-1761-2:CNY89.80 |
| 公元1883至1885年, 欧亚两个大国间发生了一场举世皆惊的战争。经历了普法之战奇耻大辱的法国, 想要在对外政策上展现强硬姿态, 重树大国威仪。而正经历着洋务运动变革, 在军事近代化道路上已经迈开步伐的中国, 清王朝高层也颇有自信地认为可以在外交上采取强硬态度。围绕着越南问题, 两个都并不愿主动公开让步的国家, 最终进行了一场稀里糊涂的战争。这场战争, 事实上暴露出了清王朝体制内存在的严重问题, 但却被一些局部的、夸大的军事胜利所遮掩……本书纵览中法战争中的政治、外交、军事领域, 以海战为脉络, 大量引用中、法双方档案资料, 从全新的视角审视这场战争。对于中法战争中的越南战场, 以及马江之战、镇海保卫战、石浦之战等均有详细的刻画、分析。 |
| ● |
| 相关链接 |
|
|
|
|
正题名:中法海战
索取号:K256.2/62
 
预约/预借
| 序号 | 登录号 | 条形码 | 馆藏地/架位号 | 状态 | 备注 |
| 1 | 1099624 | 210996243 | 第二样本阅览室/ [索取号:K256.2/62] | 在馆 | |
| 2 | 1099625 | 210996252 | 第二借阅区/ [索取号:K256.2/62] | 在馆 | |
| 3 | 1099626 | 210996261 | 第二借阅区/ [索取号:K256.2/62] | 在馆 | |
| 4 | 1099627 | 210996270 | 第二借阅区/ [索取号:K256.2/62] | 在馆 | |
| 5 | 1099628 | 210996289 | 第二借阅区/ [索取号:K256.2/62] | 在馆 |